000 00892nas a2200277 4500
001 BR0806375
003 BR-BrBNA
005 20231205112454.0
007 ta
008 230509b bl.|||p| |||| 00| 00por d
040 _aBR-BrBNA
_bpor
_cBiblioteca Nacional de Agricultura
041 _a(Pt)
072 _aK10; E14
100 1 _aCamargo Filho, W.P. de
245 1 _aReflorestamento para o Estado de São Paulo: sugestão de medida de política agrícola sustentável
650 _aREFLORESTAMENTO
650 _aAGRONEGÓCIO
650 _aMERCADO
650 _aMADEIRA
650 _aPOLÍTICA AGRÍCOLA
650 _aPLANEJAMENTO FLORESTAL
650 _aSÃO PAULO
773 0 _tInformações Econômicas - Instituto de Economia Agrícola (Brazil)
_xISSN 0100-4409
_g(Apr 2008), v. 38(4) p. 14-18
_wBR0806375
909 _a202311
_bLúcia
_c55
_dLúcia Elande
942 _2AGRIS
_n0
_cANA
999 _c198242
_d198242